| 000 | 00616nai a22001697a 4500 | ||
|---|---|---|---|
| 003 | OSt | ||
| 005 | 20161007150843.0 | ||
| 008 | 160902b xxu||||| |||| 00| 0 eng d | ||
| 040 |
_aBMC _cBMC |
||
| 082 | _a370.7284 | ||
| 245 | 0 | 0 |
_aOrientaciones para el seguimiento del programa EDUCO _b: una experiencia que enseña, una experiencia que aprende _cMinisterio de Educación |
| 260 |
_aSan Salvador (El Salvador) _bMinisterio de Educación, Programa EDUCO _c1996 |
||
| 300 |
_a67 p. _bil. _c27 cm |
||
| 650 | 2 | 4 |
_919100 _aEducación _zEl Salvador |
| 710 | 1 |
_97383 _aEl Salvador _bMinisterio de Educación |
|
| 942 |
_2ddc _cPR |
||
| 999 |
_c25764 _d25764 |
||